CINVA : un proyecto latinoamericano, 1951-1972 /
Պահպանված է:
| Այլ հեղինակներ: | , , |
|---|---|
| Ձևաչափ: | էլ․ գիրք |
| Լեզու: | իսպաներեն |
| Հրապարակվել է: |
Bogotá :
Editorial Universidad Nacional de Colombia,
2024.
|
| Շարք: | Colección Ciudades, estados y política.
|
| Խորագրեր: | |
| Առցանց հասանելիություն: | https://elibro.unach.elogim.com/es/lc/unach/titulos/282121 |
| Ցուցիչներ: |
Ավելացրեք ցուցիչ
Չկան պիտակներ, Եղեք առաջինը, ով նշում է այս գրառումը!
|
MARC
| LEADER | 00000nam a2200000 i 4500 | ||
|---|---|---|---|
| 001 | ELB282121 | ||
| 003 | FINmELB | ||
| 005 | 20250520122831.0 | ||
| 006 | m o u | ||
| 007 | cr cn||||||||| | ||
| 008 | 250520s2024 ck a ob 000 0 spa d | ||
| 020 | |z 9789585055629 | ||
| 020 | |a 9789585055735 |q (e-book) | ||
| 035 | |a (OCoLC)1520574333 | ||
| 040 | |a FINmELB |b spa |e rda |c FINmELB | ||
| 050 | 1 | 4 | |a HT371 |b C575 2024 |
| 080 | |a 711.434 | ||
| 082 | 0 | 4 | |a 307.76 |2 23 |
| 245 | 0 | 0 | |a CINVA : |b un proyecto latinoamericano, 1951-1972 / |c editores académicos, Ana Patricia Montoya Pino, Jorge Vicente Ramírez Nieto, Nilce Cristina Aravecchia-Botas. |
| 264 | 1 | |a Bogotá : |b Editorial Universidad Nacional de Colombia, |c 2024. | |
| 300 | |a 1 recurso en línea (442 páginas) : |b ilustraciones | ||
| 336 | |a texto |b txt |2 rdamedia/spa | ||
| 337 | |a computadora |b c |2 rdamedia/spa | ||
| 338 | |a recurso en línea |2 rdacarrier/spa | ||
| 490 | 1 | |a Colección Ciudades, estados y política | |
| 504 | |a Contiene bibliografía. | ||
| 588 | |a Descripción basada en metadatos suministrados por el editor y otras fuentes. | ||
| 590 | |a Recurso electrónico. Santa Fe, Arg.: elibro, 2024. Disponible vía World Wide Web. El acceso puede estar limitado para las bibliotecas afiliadas a elibro. | ||
| 610 | 2 | 0 | |a Centro Interamericano de Vivienda |x Historia. |
| 650 | 4 | |a Desarrollo urbano. | |
| 650 | 4 | |a Construcción de viviendas |z América Latina |x Historia. | |
| 650 | 4 | |a Viviendas de protección oficial |z América Latina |x Historia. | |
| 650 | 4 | |a Viviendas sociales |x Diseño y construcción. | |
| 655 | 4 | |a Libros electrónicos. | |
| 700 | 1 | |a Montoya Pino, Ana Patricia, |e editor. | |
| 700 | 1 | |a Ramírez Nieto, Jorge Vicente, |e editor. | |
| 700 | 1 | |a Aravecchia-Botas, Nilce Cristina, |e editor. | |
| 797 | 2 | |a elibro, Corp. | |
| 830 | 0 | |a Colección Ciudades, estados y política. | |
| 856 | 4 | 0 | |u https://elibro.unach.elogim.com/es/lc/unach/titulos/282121 |